000 00237nam a22001097a 4500
082 _a428.24HER
100 _aHerbert A J
245 _aThe structure of technical english
260 _aLondon
_bLongman
_c1988
300 _a208
942 _cBK
999 _c14951
_d14951